000 00511nam a2200181Ia 4500
003 GCL
008 140319s9999 xx 000 0 ara d
040 _aGCL /
_cGCL
082 0 4 _a323.44
_bا ح
100 1 _aايزايا برلين
245 1 0 _aحدود الحرية /
_cايزايا برلين
700 1 _aجمانا طالت
260 _a[S.N] :
_bدار الساقى ،
_c1992
300 _a91 ص
490 _aالفكر الغربى الحديث
_v0
650 0 4 _aالحرية
942 _2ddc
_cBK
999 _c35917
_d35917